[Event "Championnat de Paris Open A"]
[Site "Paris"]
[Date "2012.07.10"]
[Round "4.99"]
[White "Ferre, Sebastien"]
[Black "Schreiner, Richard"]
[Result "1/2-1/2"]
[WhiteElo "1858"]
[BlackElo "1806"]
[PlyCount "120"]
[EventDate "2012.??.??"]

1. d4 d5 2. Nf3 e6 3. c4 c6 4. Nc3 f5 5. g3 Nf6 6. Bg2 Bd6 7. b3 Nbd7 8. O-O
O-O 9. Bb2 Ne4 10. cxd5 exd5 11. Nd2 Ndf6 12. e3 Nxd2 13. Qxd2 Ne4 14. Qc2 Bd7
15. f3 Nxc3 16. Qxc3 Qb6 17. Rac1 Rae8 18. f4 Re7 19. Rc2 Rfe8 20. Bc1 Be6 21.
Qd3 g6 22. Bd2 Bb4 23. Bxb4 Qxb4 24. Qc3 Qd6 25. Re1 Rc8 26. Qc5 Qxc5 27. Rxc5
Rec7 28. Rec1 Kf7 29. Kf2 Ke7 30. b4 Kd6 31. Bf1 b6 32. R5c2 c5 33. Ba6 Rb8 34.
dxc5+ bxc5 35. bxc5+ Kc6 36. a3 Bc8 37. Bd3 Rb3 38. Rc3 Rcb7 39. Kf3 Rb2 40.
Bc2 Ra2 41. Ba4+ Kc7 42. R1c2 Rbb2 43. Rxb2 Rxb2 44. Bc2 Ba6 45. h3 Bc4 46. g4
fxg4+ 47. hxg4 Rb5 48. Kg3 Rxc5 49. Kh4 Kd6 50. Kg3 Ke7 51. Bd3 Ra5 52. Kf3
Bxd3 53. Rxd3 Ke6 54. g5 Rb5 55. Rc3 Kd7 56. Ke2 Ra5 57. Kd3 Ra4 58. Rb3 Kc7
59. Rc3+ Kd7 60. Rb3 Kc7 1/2-1/2

[Event "Championnat de Paris Open A"]
[Site "Paris"]
[Date "2012.07.11"]
[Round "5.1"]
[White "Ribeiro, Romain"]
[Black "Toulzac, Pierre-Yves"]
[Result "1-0"]
[WhiteElo "2204"]
[BlackElo "2273"]
[PlyCount "71"]
[EventDate "2012.??.??"]

1. e4 c5 2. Nc3 e6 3. Nf3 a6 4. d4 cxd4 5. Nxd4 Qc7 6. Bd3 Nf6 7. O-O Bc5 8.
Nb3 Be7 9. Re1 d6 10. f4 Nbd7 11. Qe2 h5 12. h3 h4 13. Be3 b5 {=} 14. a3 Bb7
15. Nd4 Nc5 16. Bf2 Nh5 17. Qd2 e5 18. fxe5 dxe5 19. Nf5 Nxd3 20. cxd3 Nf4 21.
Rac1 Qd8 22. d4 Bg5 23. Qc2 O-O 24. Rcd1 Qf6 25. dxe5 Qxe5 26. Bd4 Qe6 27. Bxg7
Rfd8 28. Nd5 Rac8 29. Bc3 Nxd5 30. exd5 Qb6+ 31. Kh1 Rxd5 32. Rxd5 Bxd5 33. Qe2
Qg6 34. Qe8+ Kh7 35. Qxc8 Bxg2+ 36. Kxg2 1-0

[Event "Championnat de Paris Open A"]
[Site "Paris"]
[Date "2012.07.11"]
[Round "5.2"]
[White "Baron, Thierry"]
[Black "Ustianovich, Nazar"]
[Result "0-1"]
[WhiteElo "2274"]
[BlackElo "2197"]
[PlyCount "122"]
[EventDate "2012.??.??"]

1. e4 c6 2. d4 d5 3. Nc3 dxe4 4. Nxe4 Bf5 5. Ng3 Bg6 6. h4 h6 7. Nf3 Nd7 8. h5
Bh7 9. Bd3 Bxd3 10. Qxd3 e6 11. Bf4 Qa5+ 12. Bd2 Qa4 13. a3 Ngf6 14. b3 Qb5 15.
c4 Qb6 16. b4 Be7 17. Bc3 O-O 18. Ne5 Rfd8 19. Qe2 a5 20. O-O Qc7 21. Rfe1 Re8
22. Qf3 axb4 23. axb4 Rec8 24. Qe2 Rxa1 25. Rxa1 b5 26. c5 Qd8 27. Ra6 Nxe5 28.
dxe5 Nd5 29. Be1 Qc7 30. Ra3 Bg5 31. Bc3 Nxc3 32. Rxc3 Bf4 33. Rd3 Qxe5 34.
Qxe5 Bxe5 35. Ne4 f5 36. Nd2 Ra8 37. g3 Ra1+ 38. Kg2 Rd1 39. Kf3 Bc3 40. Rxc3
Rxd2 41. Kf4 Kf7 42. Ra3 Kf6 43. Ke3 Rb2 44. Ra6 Rxb4 45. Rxc6 Rc4 46. f4 Rc3+
47. Kf2 b4 48. Rb6 b3 49. c6 Ke7 50. c7 Kd7 51. c8=Q+ Kxc8 52. Rxe6 Kc7 53. Re5
Rc6 54. Re1 b2 55. Rb1 Rb6 56. Ke3 Kd6 57. Kd4 Rb4+ 58. Kc3 Rb8 59. Kc2 Kd5 60.
g4 fxg4 61. f5 g3 0-1

[Event "Championnat de Paris Open A"]
[Site "Paris"]
[Date "2012.07.11"]
[Round "5.3"]
[White "Rabineau, Clement"]
[Black "Pozdnjakov, Viatcheslav"]
[Result "1/2-1/2"]
[WhiteElo "2270"]
[BlackElo "2242"]
[PlyCount "21"]
[EventDate "2012.??.??"]

1. e4 e6 2. Qe2 Be7 3. Nf3 d5 4. d3 Nf6 5. g3 b6 6. e5 Nfd7 7. Bg2 Bb7 8. O-O
c5 9. c4 d4 10. h4 h6 11. h5 {=} 1/2-1/2

[Event "Championnat de Paris Open A"]
[Site "Paris"]
[Date "2012.07.11"]
[Round "5.4"]
[White "Castro, John"]
[Black "Maisuradze, Nino"]
[Result "0-1"]
[WhiteElo "2183"]
[BlackElo "2268"]
[PlyCount "72"]
[EventDate "2012.??.??"]

1. e4 c5 2. Nc3 Nc6 3. Nf3 e5 4. Bc4 d6 5. Nd5 Nf6 6. d3 Nxd5 7. Bxd5 Be7 8.
Be3 Be6 9. Bxe6 fxe6 10. Ng5 Nd4 11. Qd2 Nxc2+ 12. Qxc2 Bxg5 13. Qa4+ Kf7 14.
Bxg5 Qxg5 15. O-O Rhd8 16. f4 exf4 17. Rxf4+ Qxf4 18. Rf1 Qxf1+ 19. Kxf1 a6 20.
e5 d5 21. Ke2 d4 22. Kf3 Rac8 23. Qd1 c4 24. Ke4 c3 25. bxc3 dxc3 26. Qc2 b5
27. h4 b4 28. h5 h6 29. g4 Kg8 30. g5 hxg5 31. Ke3 a5 32. d4 Rc7 33. h6 a4 34.
Qg6 c2 35. Qxe6+ Kh7 36. Qf5+ g6 0-1

[Event "Championnat de Paris Open A"]
[Site "Paris"]
[Date "2012.07.11"]
[Round "5.5"]
[White "Gervasio, Ricardo"]
[Black "Kouptsov, Vladimir"]
[Result "1-0"]
[WhiteElo "2267"]
[BlackElo "2188"]
[PlyCount "89"]
[EventDate "2012.??.??"]

1. d4 Nf6 2. Bg5 Ne4 3. Bf4 c5 4. f3 Qa5+ 5. c3 Nf6 6. Nd2 d6 7. Nc4 Qc7 8. e4
cxd4 9. cxd4 b5 10. Na3 a6 11. Rc1 Qb7 12. Bd3 Nc6 13. Ne2 e5 14. Be3 Be7 15.
Nc2 O-O 16. d5 Nb8 17. Ng3 Bd8 18. Qd2 Bb6 19. Bg5 Ne8 20. Ne3 f6 21. Bh4 g5
22. Bxg5 fxg5 23. Nef5 Bxf5 24. Nxf5 Bd8 25. h4 Rxf5 26. exf5 gxh4 27. Qh6 Bf6
28. Ke2 Nd7 29. Rc6 Nc5 30. Bc2 b4 31. g4 Qe7 32. g5 e4 33. gxf6 exf3+ 34. Kxf3
Nxf6 35. Rg1+ Kh8 36. Rxd6 Nfe4 37. f6 Rf8 38. Rg7 Nd2+ 39. Kf2 Rxf6+ 40. Rxf6
Nde4+ 41. Bxe4 Nxe4+ 42. Ke3 Nxf6+ 43. Rxe7 Ng4+ 44. Kf4 Nxh6 45. d6 1-0

[Event "Championnat de Paris Open A"]
[Site "Paris"]
[Date "2012.07.11"]
[Round "5.6"]
[White "Pluyaud, Benoit"]
[Black "Sochacki, Wojtek"]
[Result "1/2-1/2"]
[WhiteElo "2150"]
[BlackElo "2263"]
[PlyCount "100"]
[EventDate "2012.??.??"]

1. e4 d5 2. exd5 Qxd5 3. Nc3 Qd6 4. d4 Nf6 5. h3 a6 6. Nf3 Nc6 7. Be3 Bf5 8. a3
e6 9. Qd2 Be7 10. Be2 O-O 11. O-O Rad8 12. Rad1 b5 13. Bf4 Qd7 14. Nxb5 axb5
15. Bxb5 Bd6 16. Be5 Ne4 17. Qe2 f6 18. g4 Bg6 19. Qc4 Na5 20. Bxd7 Nxc4 21.
Bxe6+ Bf7 22. Bxd6 Nexd6 23. d5 Nxb2 24. Rb1 Nbc4 25. Rb3 Nb6 26. Rd3 Ra8 27.
Rb1 Rfe8 28. Nd4 Nxd5 29. Bxf7+ Kxf7 30. Nb5 Nxb5 31. Rxb5 Nb6 32. Rc5 Re7 33.
g5 Ra4 34. gxf6 gxf6 35. Rdc3 Ra7 36. Rc6 Nd5 37. R3c5 Nf4 38. Kh2 Rxa3 39.
Rxc7 Rxh3+ 40. Kg1 Ne6 41. Rxe7+ Kxe7 42. Rd5 Rh4 43. c3 Rg4+ 44. Kf1 Rc4 45.
Rd3 Nf4 46. Re3+ Kf7 47. Rg3 h5 48. Ke1 h4 49. Rg1 Rxc3 50. Rg4 Rf3 1/2-1/2

[Event "Championnat de Paris Open A"]
[Site "Paris"]
[Date "2012.07.11"]
[Round "5.8"]
[White "Rene, Benoit"]
[Black "Quach, Charlie"]
[Result "1-0"]
[WhiteElo "2262"]
[BlackElo "2141"]
[PlyCount "81"]
[EventDate "2012.??.??"]

1. c4 g6 2. Nc3 Bg7 3. g3 e5 4. Bg2 d6 5. e4 Nc6 6. Nge2 Nge7 7. d3 O-O 8. O-O
Be6 9. Nd5 f5 10. Be3 Qd7 11. Qd2 Rf7 12. f3 Raf8 13. Rae1 Kh8 14. b3 Ng8 15.
exf5 Bxf5 16. d4 Bh3 17. dxe5 Nxe5 18. f4 Nc6 19. Nd4 Bxg2 20. Kxg2 Nh6 21. Bg1
Nd8 22. Nf3 Ne6 23. Rxe6 Qxe6 24. Ng5 Qd7 25. Nxf7+ Qxf7 26. Bd4 Nf5 27. Bxg7+
Qxg7 28. Re1 c6 29. Ne3 Nd4 30. Nc2 Nf5 31. Ne3 Nd4 32. Nc2 Nf5 33. Re2 Rd8 34.
g4 Nh6 35. h3 Ng8 36. Nd4 Qf7 37. Ne6 Rd7 38. Ng5 Qg7 39. Ne6 Qa1 40. Re1 Qf6
41. g5 1-0

[Event "Championnat de Paris Open A"]
[Site "Paris"]
[Date "2012.07.11"]
[Round "5.9"]
[White "Ferry, Roger"]
[Black "Chanoine, Guillaume"]
[Result "1-0"]
[WhiteElo "2062"]
[BlackElo "2297"]
[PlyCount "127"]
[EventDate "2012.??.??"]

1. d4 f5 2. Nf3 Nf6 3. g3 g6 4. Bg2 Bg7 5. c4 O-O 6. O-O d6 7. Nc3 Qe8 8. Bg5
c6 9. Qd2 Be6 10. d5 Bf7 11. Bh6 cxd5 12. Bxg7 Kxg7 13. cxd5 Nbd7 14. Ng5 Nb6
15. Ne6+ Bxe6 16. dxe6 d5 17. f3 Rd8 18. Qd4 Qc6 19. g4 Kg8 20. gxf5 gxf5 21.
Bh3 Qxe6 22. Kh1 Kh8 23. Rg1 Nc4 24. Rg5 Qe3 25. Qh4 Rg8 26. Rxf5 Rg6 27. Qf4
Qxf4 28. Rxf4 e5 29. Rh4 Rd6 30. Rg1 Rxg1+ 31. Kxg1 Nxb2 32. Rb4 Rb6 33. Rxb6
axb6 34. Bc8 Kg7 35. Bxb7 d4 36. Nd5 Nxd5 37. Bxd5 Nd1 38. Bb3 Ne3 39. Kf2 Kh6
40. Kg3 Kg5 41. Be6 Nf5+ 42. Kf2 Ne3 43. Kg3 Nf5+ 44. Kf2 b5 45. a3 Kf4 46. Bd7
Nd6 47. Bc6 h6 48. Bd7 Kg5 49. Kg3 Kf6 50. Kg4 Ke7 51. Bc6 Kd8 52. Kh5 Kc7 53.
Bd5 Nc4 54. Kxh6 Nxa3 55. h4 Nb1 56. Be4 Nc3 57. Bd3 Kc6 58. Kg7 Nd5 59. h5 Nf4
60. h6 Nxd3 61. exd3 Kc5 62. h7 Kb4 63. h8=Q Kc3 64. Kf6 1-0

[Event "Championnat de Paris Open A"]
[Site "Paris"]
[Date "2012.07.11"]
[Round "5.11"]
[White "Mirimanian, Haik"]
[Black "Come, Alexandre"]
[Result "1/2-1/2"]
[WhiteElo "2048"]
[BlackElo "2204"]
[PlyCount "38"]
[EventDate "2012.??.??"]

1. e4 c5 2. Nc3 a6 3. g3 b5 4. Bg2 Bb7 5. d3 e6 6. Be3 Nf6 7. h3 d5 8. exd5
Nxd5 9. Nxd5 Bxd5 10. Bxd5 Qxd5 11. Qf3 Nc6 12. Qxd5 exd5 13. a3 O-O-O 14. Nf3
Bd6 15. O-O h6 16. d4 c4 17. c3 a5 18. Bf4 Rhe8 19. Rae1 Kd7 {=} 1/2-1/2

[Event "Championnat de Paris Open A"]
[Site "Paris"]
[Date "2012.07.11"]
[Round "5.12"]
[White "Guerlach, Frederic"]
[Black "Hanchour, Baroudi"]
[Result "0-1"]
[WhiteElo "2038"]
[BlackElo "2180"]
[PlyCount "150"]
[EventDate "2012.??.??"]

1. Nf3 d5 2. c4 d4 3. c5 Nc6 4. Qa4 Bg4 5. Ne5 Bd7 6. Nxd7 Qxd7 7. e3 e5 8. b4
Nf6 9. Bb2 Be7 10. b5 Nd8 11. exd4 exd4 12. Bxd4 Ne6 13. Be3 Bxc5 14. Nc3 O-O
15. Be2 Nd4 16. O-O a6 17. Qc4 Nxe2+ 18. Qxe2 Rfe8 19. Qc4 Bd6 20. a4 Qf5 21.
Ne2 Re4 22. Qb3 Bxh2+ 23. Kxh2 Qh5+ 24. Kg1 Ng4 25. Bf4 Rxf4 26. Qh3 Qg5 27.
Nxf4 Qxf4 28. g3 Qf5 29. Qg2 Qh5 30. Qh1 Qxh1+ 31. Kxh1 Nf6 32. Rac1 axb5 33.
axb5 Ne8 34. Rfe1 Kf8 35. Rc5 g6 36. Kg2 Rd8 37. Re2 Rd7 38. Kf1 Ng7 39. Ke1
Ne6 40. Rc3 Rd5 41. b6 c6 42. Ree3 h5 43. f4 h4 44. gxh4 Nxf4 45. Re4 Nd3+ 46.
Ke2 Nc5 47. Rec4 Ne6 48. Rb4 Ke7 49. Ke3 Re5+ 50. Kf2 c5 51. Rbc4 Kd6 52. Rg4 {
=} 52... Rd5 53. Ke1 Kc6 54. Rf3 Rd7 55. Rb3 Nd4 56. Rb1 Nc2+ 57. Ke2 Na3 58.
Rb3 Nb5 59. Rd3 Nd4+ 60. Kd1 Kxb6 61. h5 gxh5 62. Rg5 Kc6 63. Rxh5 Rd6 64. Rh7
f5 65. Re3 b5 66. Re5 Rg6 67. d3 Rg1+ 68. Re1 Rxe1+ 69. Kxe1 b4 70. Kd2 f4 71.
Kc1 f3 72. Rf7 Kd6 73. Kd2 Ke6 74. Rf8 Ke7 75. Rf4 b3 0-1

[Event "Championnat de Paris Open A"]
[Site "Paris"]
[Date "2012.07.11"]
[Round "5.13"]
[White "Lepot, Simon"]
[Black "Lebrun, Xavier"]
[Result "0-1"]
[WhiteElo "2037"]
[BlackElo "2172"]
[PlyCount "78"]
[EventDate "2012.??.??"]

1. e4 d6 2. d4 Nf6 3. Nc3 Nbd7 4. Nf3 e5 5. h3 exd4 6. Qxd4 Be7 7. g4 O-O 8.
Bg2 c6 9. Bf4 Nc5 10. Bg3 Re8 11. O-O-O Qa5 12. Kb1 d5 13. exd5 Nxd5 14. Nxd5
cxd5 15. Ne5 Be6 16. f4 f6 17. f5 fxe5 18. Bxe5 Bf7 19. Bxg7 Ne4 20. Bh8 Bf8
21. b3 Rac8 22. Bxe4 dxe4 23. Bf6 Bc5 24. Qb2 e3 25. c4 Qb6 26. Rde1 Qc6 27.
Rh2 Qe4+ 28. Ka1 Rcd8 29. Rhe2 Rd2 30. Qc3 Rd3 31. Qb2 Red8 32. a3 Rd2 33. Rxd2
Rxd2 34. Qc3 Rd3 35. Qb2 Bd4 36. Bxd4 Rxd4 37. Re2 Rd1+ 38. Ka2 Qd3 39. Qc2
Qxe2 0-1

[Event "Championnat de Paris Open A"]
[Site "Paris"]
[Date "2012.07.11"]
[Round "5.14"]
[White "Zeller, Olivier"]
[Black "Carre, Sylvain"]
[Result "1/2-1/2"]
[WhiteElo "2013"]
[BlackElo "2150"]
[PlyCount "91"]
[EventDate "2012.??.??"]

1. e4 e5 2. Nf3 Nf6 3. Nxe5 d6 4. Nf3 Nxe4 5. Nc3 Nxc3 6. dxc3 Be7 7. Be3 Nd7
8. Qd2 O-O 9. O-O-O Ne5 10. Nd4 a6 11. f4 Ng4 12. Bd3 Re8 13. Rhe1 Bh4 14. g3
Bf6 15. Bg1 Nh6 16. Rxe8+ Qxe8 17. Re1 Qf8 18. Nf3 Bd7 19. Ng5 g6 20. Bd4 Bxd4
21. cxd4 Re8 22. Rxe8 Qxe8 23. Ne4 Qe7 24. d5 Bf5 25. Qb4 Bxe4 26. Qxe4 Qxe4
27. Bxe4 Ng4 28. h3 Nf6 29. Bf3 a5 30. Kd2 Kf8 31. Kd3 Ke7 32. Kc4 Kd8 33. c3
Ng8 34. Kb5 b6 35. b4 axb4 36. cxb4 Ne7 37. g4 Kc8 38. a4 Kb8 39. Kc4 h6 40.
Kd4 f6 41. h4 g5 42. fxg5 fxg5 43. h5 Kb7 44. Ke4 Ka7 45. Be2 Kb7 46. Bf3
1/2-1/2

[Event "Championnat de Paris Open A"]
[Site "Paris"]
[Date "2012.07.11"]
[Round "5.15"]
[White "Gros, Alexandre"]
[Black "Ternault, Mathieu"]
[Result "1-0"]
[WhiteElo "1988"]
[BlackElo "2130"]
[PlyCount "83"]
[EventDate "2012.??.??"]

1. Nf3 d5 2. g3 c6 3. Bg2 Nf6 4. O-O Bg4 5. Ne5 Bf5 6. d4 Nbd7 7. f4 e6 8. Nd2
Qb6 9. c3 Be7 10. Nxd7 Nxd7 11. e4 dxe4 12. Nxe4 Bxe4 13. Bxe4 Nf6 14. Bf3 O-O
15. Qe2 Rfe8 16. Be3 Qc7 17. Rfd1 Rac8 18. Rac1 b6 19. b4 Red8 20. Bf2 h6 21.
a3 c5 22. dxc5 Rxd1+ 23. Rxd1 bxc5 24. b5 Qa5 25. f5 e5 26. Qxe5 Bf8 27. Bc6
Qxa3 28. c4 Qb3 29. Qe2 Qc3 30. Kg2 Qb3 31. Ra1 Rc7 32. Qe5 Re7 33. Qf4 Qb2 34.
Qc1 Qe5 35. Ra6 Qxf5 36. Qf4 Qc2 37. Bf3 Rd7 38. Rxf6 Rd2 39. Rxf7 Rxf2+ 40.
Kg1 Bd6 41. Qxd6 Kxf7 42. Qf4+ 1-0

[Event "Championnat de Paris Open A"]
[Site "Paris"]
[Date "2012.07.11"]
[Round "5.16"]
[White "Eden, James"]
[Black "Vicente, Marcel"]
[Result "1-0"]
[WhiteElo "2129"]
[BlackElo "2064"]
[PlyCount "205"]
[EventDate "2012.??.??"]

1. e4 d5 2. exd5 Nf6 3. d4 Nxd5 4. Nf3 c6 5. Be2 Bg4 6. O-O e6 7. c4 Nf6 8. Nc3
Be7 9. h3 Bh5 10. g4 Bg6 11. Ne5 Nbd7 12. f4 Nxe5 13. dxe5 Nd7 14. f5 Bc5+ 15.
Kg2 exf5 16. gxf5 Qh4 17. fxg6 hxg6 18. Bg4 Nxe5 19. Qe1 f6 20. Bf4 Bd6 21. Rd1
Rd8 22. c5 Qxe1 23. Rfxe1 Bb8 24. Rxd8+ Kxd8 25. Rd1+ Ke8 26. Bxe5 Bxe5 27. Bc8
b6 28. cxb6 axb6 29. Bd7+ Ke7 30. Bxc6 Rh5 31. Nd5+ Ke6 32. Nxb6 Rg5+ 33. Kf2
Bxb2 34. a4 Rc5 35. Bd5+ Kf5 36. Nc4 Bc3 37. Rd3 Be5 38. a5 Bb8 39. a6 Ba7 40.
Kf3 Kg5 41. Be6 Rc7 42. Nd6 Re7 43. Nf7+ Kh5 44. Bb3 f5 45. Nd6 Bg1 46. Bd5 Kh4
47. Bb7 Kxh3 48. Rd1 Re3+ 49. Kf4 Rg3 50. Rxg1 Rxg1 51. a7 Rg4+ 52. Ke5 Ra4 53.
a8=Q Rxa8 54. Bxa8 Kg4 55. Nc4 f4 {=} 56. Nd2 g5 57. Nf3 Kh5 58. Ng1 Kh4 59.
Be4 Kh5 60. Bc2 Kh4 61. Bd1 g6 62. Nf3+ Kh5 63. Nh2+ Kh6 64. Kf6 Kh7 65. Kxg5
Kg7 66. Bc2 Kf7 67. Bxg6+ Ke6 68. Kxf4 Kd5 69. Nf3 Kc4 70. Ke5 Kc3 71. Kd5 Kb4
72. Bd3 Kc3 73. Ne5 Kd2 74. Kd4 Kc1 75. Nc4 Kd1 76. Ke3 Kc1 77. Be4 Kd1 78. Nd2
Kc1 79. Kd3 Kb2 80. Bf3 Kc1 81. Nc4 Kb1 82. Kd2 Ka2 83. Kc2 Ka1 84. Nd2 Ka2 85.
Nb3 Ka3 86. Kc3 Ka2 87. Be4 Ka3 88. Bb1 Ka4 89. Nd4 Ka3 90. Nb5+ Ka4 91. Kc4
Ka5 92. Kc5 Ka4 93. Bc2+ Ka5 94. Nd6 Ka6 95. Be4 Ka5 96. Bc6 Ka6 97. Bb5+ Ka7
98. Kc6 Kb8 99. Kb6 Ka8 100. Ba6 Kb8 101. Nc8 Ka8 102. Na7 Kb8 103. Nc6+ 1-0

[Event "Championnat de Paris Open A"]
[Site "Paris"]
[Date "2012.07.11"]
[Round "5.17"]
[White "Leclercq, Benoit"]
[Black "Mehaibia, Azzedine"]
[Result "1-0"]
[WhiteElo "2123"]
[BlackElo "2053"]
[PlyCount "103"]
[EventDate "2012.??.??"]

1. d4 Nf6 2. c4 g6 3. Nc3 Bg7 4. e4 d6 5. Bd3 e5 6. Nge2 exd4 7. Nxd4 O-O 8.
O-O Nbd7 9. Bg5 h6 10. Bh4 c6 11. Nb3 a5 12. a4 Ne5 13. Be2 Be6 14. Nd2 Qb6 15.
Ra3 g5 16. Bg3 Nfd7 17. Rb3 Qa7 18. Ncb1 Nc5 19. Re3 Rad8 20. h4 f6 21. Nc3 Qb6
22. b3 Ng6 23. h5 Ne5 24. Kh1 f5 25. exf5 Bxf5 26. Nce4 Ne6 27. Qc1 Nd4 28. Bd1
Qc7 29. Ree1 Rde8 30. c5 dxc5 31. Qxc5 Ne6 32. Qd6 Rc8 33. Qxc7 Nxc7 34. Nd6
Rcd8 35. N2c4 Nd3 36. Nxf5 Nxe1 37. Rxe1 Rxf5 38. Bxc7 Rdf8 39. Bg3 b5 40. axb5
cxb5 41. Nd6 Rc5 42. Bg4 Bc3 43. Re7 a4 44. Be6+ Kh8 45. bxa4 bxa4 46. Ne4 Bf6
47. Ra7 Rc1+ 48. Kh2 Bg7 49. Rxa4 Rd8 50. Nd6 Rf8 51. Ra7 Rc5 52. Nf7+ 1-0

[Event "Championnat de Paris Open A"]
[Site "Paris"]
[Date "2012.07.11"]
[Round "5.18"]
[White "Guiot, Jerome"]
[Black "Smati, Reda"]
[Result "1-0"]
[WhiteElo "2110"]
[BlackElo "2049"]
[PlyCount "123"]
[EventDate "2012.??.??"]

1. f4 d5 2. Nf3 g6 3. c3 Bg7 4. d3 Nf6 5. Qc2 O-O 6. e4 b6 7. e5 Ne8 8. Be2 c5
9. O-O Nc6 10. Nbd2 Nc7 11. Qd1 Ba6 12. d4 Bxe2 13. Qxe2 e6 14. Rf2 cxd4 15.
Nxd4 Nxd4 16. cxd4 Qc8 17. Qg4 Nb5 18. Nf3 Qa6 19. Qh3 Nc7 20. Be3 Rac8 21. g4
f5 22. exf6 Bxf6 23. f5 exf5 24. gxf5 Rf7 25. fxg6 Rg7 26. Kh1 hxg6 27. Rg1 b5
28. Bh6 Qe6 29. Qxe6+ Nxe6 30. Bxg7 Kxg7 31. Ne5 g5 32. Rgf1 Nf4 33. Rd2 Rc7
34. Ng4 Be7 35. Ne3 Bb4 36. Rc2 Rf7 37. Rfc1 Ba5 38. Rf1 Kg6 39. Rc6+ Rf6 40.
Rxf6+ Kxf6 41. Rc1 Ke6 42. Rc6+ Kd7 43. Rc5 Bb6 44. Rxb5 Bxd4 45. Nc2 Bf2 46.
Rb7+ Ke6 47. Nb4 Kd6 48. Rg7 Ne6 49. Rg6 Bd4 50. b3 Bb6 51. Nd3 Be3 52. Kg2 Ke7
53. Kf3 Bg1 54. h3 Bh2 55. Kg4 Kf7 56. Kf5 Nf4 57. Nxf4 gxf4 58. Rg2 Bg3 59.
Kg4 Be1 60. Kxf4 Kf6 61. Re2 Bh4 62. Kg4 1-0

[Event "Championnat de Paris Open A"]
[Site "Paris"]
[Date "2012.07.11"]
[Round "5.19"]
[White "Bouton, Christophe"]
[Black "Aflalo, Sophie"]
[Result "1-0"]
[WhiteElo "2092"]
[BlackElo "2046"]
[PlyCount "121"]
[EventDate "2012.??.??"]

1. d4 Nf6 2. Nf3 g6 3. c4 Bg7 4. Nc3 O-O 5. e4 d6 6. Be2 e5 7. O-O Nc6 8. d5
Ne7 9. b4 Nh5 10. g3 f5 11. Ng5 Nf6 12. Bf3 a5 13. Ba3 Ne8 14. bxa5 Kh8 15. Ne6
Bxe6 16. dxe6 c5 17. Nd5 Rxa5 18. Bb2 Nc7 19. Bc3 Ra7 20. Rb1 Nxe6 21. Nxe7
Qxe7 22. exf5 gxf5 23. Bd5 Nd4 24. Bxd4 cxd4 25. Re1 Qc7 26. Re2 b6 27. Reb2
Ra6 28. Qf1 Qa7 29. a4 e4 30. a5 Rxa5 31. Rxb6 d3 32. Rb7 Qd4 33. Rb8 Ra2 34.
Rxf8+ Bxf8 35. Qe1 d2 36. Qd1 Be7 37. Kh1 Qxf2 38. c5 dxc5 39. Bxa2 e3 40. Bc4
Bd6 41. Qe2 Bxg3 42. Qxf2 Bxf2 43. Kg2 Kg7 44. Kf3 Kg6 45. Kf4 Kf6 46. Ra1 h5
47. Ra6+ Kg7 48. Be2 h4 49. h3 Kf7 50. Kxf5 Ke7 51. Ke5 Kd7 52. Bf3 Kc7 53.
Rc6+ Kd7 54. Kd5 Ke7 55. Bg4 Bg1 56. Ke4 Bf2 57. Kf4 Bg1 58. Ke4 Bf2 59. Rxc5
e2 60. Re5+ Kf6 61. Bxe2 1-0

[Event "Championnat de Paris Open A"]
[Site "Paris"]
[Date "2012.07.11"]
[Round "5.20"]
[White "Le Fournier, Bastien"]
[Black "Santos Filho, Tadeu Sousa"]
[Result "1-0"]
[WhiteElo "1932"]
[BlackElo "2090"]
[PlyCount "55"]
[EventDate "2012.??.??"]

1. e4 e6 2. d4 d5 3. e5 c5 4. c3 Nc6 5. Nf3 Nh6 6. a3 Nf5 7. b4 cxd4 8. cxd4
Be7 9. Nc3 O-O 10. Bb2 f6 11. g4 Nh6 12. Rg1 fxe5 13. dxe5 Nf7 14. Na4 Qc7 15.
Rc1 Qb8 16. Qd2 d4 17. Nxd4 Ncxe5 18. Nc5 Ng5 19. Bg2 Bxc5 20. Rxc5 Nef7 21. h4
Qh2 22. Kf1 e5 23. hxg5 exd4 24. Bxd4 Bd7 25. Rh1 Qf4 26. Qd3 g6 27. Bd5 Bc6
28. Qxg6+ 1-0

[Event "Championnat de Paris Open A"]
[Site "Paris"]
[Date "2012.07.11"]
[Round "5.21"]
[White "Ben Khelifa, Noomene"]
[Black "Jaulin, Marc"]
[Result "1-0"]
[WhiteElo "2081"]
[BlackElo "2046"]
[PlyCount "77"]
[EventDate "2012.??.??"]

1. d4 Nf6 2. c4 c5 3. d5 e5 4. Nc3 d6 5. e4 Nbd7 6. Bd3 Be7 7. Nge2 h5 8. h3 h4
9. Be3 a6 10. Qd2 Nh7 11. Ng1 Bg5 12. Nf3 Bxe3 13. Qxe3 Ndf8 14. b4 cxb4 15.
Na4 Nd7 16. O-O Qa5 17. Bc2 b5 18. cxb5 axb5 19. Nb2 Nhf8 20. Qg5 Ng6 21. Nd3
Nf6 22. Rfe1 Bd7 23. Qd2 Nh5 24. Qg5 Nf6 25. Qd2 Rc8 26. Bb3 Nh5 27. a3 Ngf4
28. axb4 Qd8 29. Ra6 Qf6 30. Ndxe5 Nxh3+ 31. gxh3 Bxh3 32. Qg5 Qxg5+ 33. Nxg5
dxe5 34. Nxh3 O-O 35. Rc6 Rcd8 36. Ra1 Nf6 37. Ng5 Ne8 38. Raa6 f6 39. Ne6 1-0

[Event "Championnat de Paris Open A"]
[Site "Paris"]
[Date "2012.07.11"]
[Round "5.22"]
[White "Caille, Vincent"]
[Black "Lambert, Romain"]
[Result "1/2-1/2"]
[WhiteElo "1903"]
[BlackElo "2138"]
[PlyCount "60"]
[EventDate "2012.??.??"]

1. e4 c5 2. Nc3 Nc6 3. Nge2 Nf6 4. g3 g6 5. Bg2 Bg7 6. d3 d6 7. h3 Nd4 8. Be3
e5 9. O-O b5 10. Bxd4 cxd4 11. Nxb5 Rb8 12. Na3 Rxb2 13. Nc4 Rb4 14. c3 dxc3
15. a3 Rb7 16. Qa4+ Qd7 17. Nxc3 Qxa4 18. Nxa4 Ke7 19. Na5 Rc7 20. Rfc1 Rxc1+
21. Rxc1 Bd7 22. Nc6+ Bxc6 23. Rxc6 Nd7 24. Nc3 Rb8 25. Nd5+ Ke8 26. Rxd6 Bf8
27. Ra6 Bc5 28. a4 {=} 28... Bd4 29. Nc7+ Kd8 30. Nb5 Rb6 {=} 1/2-1/2

[Event "Championnat de Paris Open A"]
[Site "Paris"]
[Date "2012.07.11"]
[Round "5.23"]
[White "Fedoryshyn, Ievgenii"]
[Black "Lemerle, Alban"]
[Result "1-0"]
[WhiteElo "2188"]
[BlackElo "2062"]
[PlyCount "69"]
[EventDate "2012.??.??"]

1. e4 d6 2. d4 Nf6 3. Bd3 e5 4. c3 g6 5. Ne2 Bg7 6. O-O O-O 7. Kh1 d5 8. f3
dxe4 9. fxe4 Ng4 10. h3 Qh4 11. Kg1 Nf6 12. Nd2 Nh5 13. Nf3 Qe7 14. g4 exd4 15.
cxd4 Nf6 16. Nc3 Nc6 17. e5 Nd7 18. a4 Nxd4 19. Nxd4 Nxe5 20. Nf3 Qc5+ 21. Kg2
Rd8 22. Nxe5 Bxe5 23. Qe2 Bxc3 24. bxc3 Qxc3 25. Bc4 Be6 26. Bxe6 Qc6+ 27. Rf3
Qxe6 28. Qxe6 fxe6 29. Bh6 c6 30. Raf1 b5 31. Rf7 b4 32. Rg7+ Kh8 33. Rff7 b3
34. Rxh7+ Kg8 35. Rfg7+ 1-0

[Event "Championnat de Paris Open A"]
[Site "Paris"]
[Date "2012.07.11"]
[Round "5.24"]
[White "Aurel, Luc"]
[Black "Georgelin, Thierry"]
[Result "1-0"]
[WhiteElo "2175"]
[BlackElo "2045"]
[PlyCount "69"]
[EventDate "2012.??.??"]

1. c4 c5 2. g3 g6 3. Bg2 Bg7 4. Nf3 Nc6 5. O-O Nf6 6. Nc3 O-O 7. d3 d6 8. a3
Be6 9. Rb1 Qd7 10. Ng5 h6 11. Nxe6 fxe6 12. b4 b6 13. b5 Nd4 14. e3 Nf5 15.
Bxa8 Rxa8 16. Ne4 Nh7 17. f4 d5 18. Nf2 g5 19. e4 Nd4 20. cxd5 exd5 21. a4 gxf4
22. Bxf4 Rf8 23. Qg4 e6 24. Bxh6 Rf7 25. Nh3 Nf6 26. Qg6 Ne2+ 27. Kg2 Nxe4 28.
dxe4 d4 29. Rxf7 Qxf7 30. Qxf7+ Kxf7 31. Bxg7 Kxg7 32. Nf4 Nc3 33. Ra1 e5 34.
Nd3 Nxe4 35. Nxe5 1-0

[Event "Championnat de Paris Open A"]
[Site "Paris"]
[Date "2012.07.11"]
[Round "5.25"]
[White "Louis, Thibault"]
[Black "Selvi, Laurent"]
[Result "1-0"]
[WhiteElo "2151"]
[BlackElo "2036"]
[PlyCount "75"]
[EventDate "2012.??.??"]

1. e4 e6 2. d4 d5 3. Nc3 Be7 4. exd5 exd5 5. Qf3 Nf6 6. h3 O-O 7. Nge2 c6 8.
Be3 b5 9. Ng3 Bb4 10. Bd3 Re8 11. O-O Nbd7 12. Nce2 Nb6 13. Bg5 Be7 14. Rfe1
Ne4 15. Bxe7 Qxe7 16. Nc3 f5 17. Nxf5 Bxf5 18. Qxf5 Rf8 19. Qg4 Qf6 20. Nxe4
dxe4 21. Qxe4 g6 22. Qe6+ Kg7 23. Qxf6+ Rxf6 24. Re7+ Rf7 25. Rae1 Rd8 26. R1e6
Rxe7 27. Rxe7+ Kh6 28. Rxa7 Rxd4 29. Ra6 Nc4 30. Rxc6 Nxb2 31. Bxb5 Rd1+ 32.
Kh2 Ra1 33. a4 Ra2 34. Kg3 Ra3+ 35. f3 Kg5 36. Rc7 h5 37. h4+ Kf6 38. Be8 1-0

[Event "Championnat de Paris Open A"]
[Site "Paris"]
[Date "2012.07.11"]
[Round "5.26"]
[White "Bourges, Jerome"]
[Black "Valenti, Richard"]
[Result "1/2-1/2"]
[WhiteElo "2069"]
[BlackElo "2149"]
[PlyCount "47"]
[EventDate "2012.??.??"]

1. d4 d6 2. c4 e5 3. d5 f5 4. e4 Nf6 5. exf5 Bxf5 6. Nc3 Be7 7. Nge2 Nbd7 8.
Ng3 Bg6 9. Be2 O-O 10. O-O Nc5 11. Be3 Nce4 12. Ncxe4 Nxe4 13. Nxe4 Bxe4 14.
Qd2 Rf6 15. f4 exf4 16. Bxf4 Qd7 17. Rae1 Raf8 18. Qe3 Bg6 19. h3 R8f7 20. Bg4
Bf5 21. Bh5 Bg6 22. Bg4 Bf5 23. Bh5 Bg6 24. Bg4 1/2-1/2